00490 2200193 4500001002100000005001500021035002000036008004100056245006800097100001900165250000600184260003400190300001200224084001400236082000800250650001400258990001200272990001200284INLIS00000000000007420240502103542 a0010-0424000050240502 0 ind 1 aBuku Guru Kimia 3 Edisi Revisi ( Eksperimen ) /cSentot Budi R. aBudi R, Sentot a1 aSolo :bTiga Serangkai,c2016 a184 hlm a540 SEN k a540 4aNon Fiksi a0737265 a0737266